Govt. of
Madhya Pradesh

तीन ताल (Record no. 63879)

MARC details
000 -LEADER
fixed length control field 00461nam a22001577a 4500
003 - CONTROL NUMBER IDENTIFIER
control field macl
005 - DATE AND TIME OF LATEST TRANSACTION
control field 20201117160917.0
008 - FIXED-LENGTH DATA ELEMENTS--GENERAL INFORMATION
fixed length control field 201117b xxu||||| |||| 00| 0 eng d
040 ## - CATALOGING SOURCE
Transcribing agency macl
082 ## - DEWEY DECIMAL CLASSIFICATION NUMBER
Classification number 891.433/N/KUN
100 ## - MAIN ENTRY--PERSONAL NAME
Personal name कुंदन , संजय
9 (RLIN) 80542
245 ## - TITLE STATEMENT
Title तीन ताल
260 ## - PUBLICATION, DISTRIBUTION, ETC. (IMPRINT)
Place of publication, distribution, etc. दिल्‍ली
Name of publisher, distributor, etc. किताबघर प्रकाशन
Date of publication, distribution, etc. 2017
650 ## - SUBJECT ADDED ENTRY--TOPICAL TERM
Topical term or geographic name as entry element उपन्‍यास
9 (RLIN) 80543
942 ## - ADDED ENTRY ELEMENTS (KOHA)
Source of classification or shelving scheme
Koha item type Hindi Books
Holdings
Withdrawn status Lost status Source of classification or shelving scheme Damaged status Not for loan Home library Current library Date acquired Cost, normal purchase price Total Checkouts Full call number Barcode Date last seen Date last checked out Price effective from Koha item type
          MACL MACL 17/11/2020 335.00 2 891.433/N/KUN CRH035908 05/02/2021 23/12/2020 17/11/2020 Hindi Books